000 00545nai a2200169Ia 4500
003 IN-BaIIA
008 211028c9999 xx s 000 0 eng d
022 _a0375-9601 (Online)
040 _cIIA Library
245 0 _aPhysics Letters A
_h[eJournal]
260 _aAmsterdam
_bNorth-Holland
310 _a36/year
362 _a196(5); 1995 - Present
521 _bSubscribed through National Knowledge Resource Consortium (NKRC)
856 _uhttps://www.sciencedirect.com/science/journal/03759601
_yClick Here to Access eJournal
942 _cEJ
999 _c35539
_d35539